000
00408nam a22001697a 4500
003
MPLRDC
005
20220104125030.0
008
210129b ||||| |||| 00| 0 eng d
082
_a
857.9 SML v.1
100
_a
司马翎
245
_a
大侠霍元甲. 一
_c
260
_a
_b
毅力出版社
_c
300
_b
平
490
_a
司马翎小说专辑
650
_a
武侠小说
942
_c
BK
_o
857.9 SML v.1
999
_c
24099
_d
24089